[Event "Prague Summer op"]
[Site "Prague"]
[Date "2024.08.09"]
[Round "9"]
[White "Petr, Jakub"]
[Black "Neuman, Petr"]
[Result "0-1"]
[WhiteElo "2243"]
[BlackElo "2426"]
[PlyCount "128"]
[EventDate "2024.08.02"]
[EventType "swiss"]
[EventRounds "9"]
[EventCountry "CZE"]
[SourceTitle "CBM 221 Extra"]
[Source "ChessBase"]
[SourceDate "2024.09.30"]
[SourceVersion "1"]
[SourceVersionDate "2024.09.30"]
[SourceQuality "1"]

1. d4 d5 2. c4 e6 3. Nf3 a6 4. g3 dxc4 5. Bg2 Nc6 6. 0-0 Rb8 7. b3 cxb3 8. axb3 Nf6 9. Bb2 Be7 10. Nbd2 0-0 11. Rc1 Nb4 12. Ne5 Nd7 13. Ndc4 Nxe5 14. Nxe5 f6 15. Nd3 Nxd3 16. Qxd3 Bd6 17. Rfd1 Qe7 18. Qc4 Bd7 19. f4 Bb5 20. Qc2 c6 21. e4 Bb4 22. Bc3 Rbd8 23. Bh3 Rfe8 24. Bxe6+ Qxe6 25. Bxb4 Qxe4 26. Qxe4 Rxe4 27. Bc3 Rde8 28. Re1 Be2 29. Kf2 Kf7 30. Bd2 Bg4 31. Rxe4 Rxe4 32. Be3 Be6 33. b4 Bd5 34. Ke2 Ke6 35. Kd3 h6 36. Re1 Kf5 37. h3 h5 38. g4+ hxg4 39. hxg4+ Kxg4 40. Rg1+ Kf5 41. Rxg7 b5 42. Ra7 Re8 43. Rxa6 Rh8 44. Ra3 Rh2 45. Kc3 Ke4 46. Bd2 Bc4 47. Bc1 f5 48. Bd2 Rh7 49. Kc2 Kxd4 50. Bc3+ Ke4 51. Be5 Rh2+ 52. Kc3 Bd3 53. Ra7 Rc2+ 54. Kb3 Rc4 55. Rd7 Bc2+ 56. Kb2 Ba4 57. Ka3 Ke3 58. Rd6 Bc2 59. Kb2 Be4 60. Ka3 Bd5 61. Rh6 Rc2 62. Rh3+ Ke4 63. Bb2 Kxf4 64. Rh4+ Kg3 0-1

[Event "Prague Summer op"]
[Site "Prague"]
[Date "2024.08.08"]
[Round "8"]
[White "Neuman, Petr"]
[Black "Pulpan, Jakub"]
[Result "1/2-1/2"]
[WhiteElo "2426"]
[BlackElo "2378"]
[PlyCount "31"]
[EventDate "2024.08.02"]
[EventType "swiss"]
[EventRounds "9"]
[EventCountry "CZE"]
[SourceTitle "CBM 221 Extra"]
[Source "ChessBase"]
[SourceDate "2024.09.30"]
[SourceVersion "1"]
[SourceVersionDate "2024.09.30"]
[SourceQuality "1"]

1. c4 e5 2. Nc3 Nf6 3. g3 Bb4 4. Bg2 0-0 5. Nf3 Bxc3 6. dxc3 d6 7. Nd2 Nc6 8. e4 a5 9. Nf1 Bg4 10. f3 Be6 11. Ne3 Nd7 12. 0-0 Nc5 13. b3 Qd7 14. Ba3 b6 15. Qc2 Bh3 16. Rad1 1/2-1/2

[Event "Pardubice Czech op-A 35th"]
[Site "Pardubice"]
[Date "2024.07.27"]
[Round "9"]
[White "Neuman, Petr"]
[Black "Avdic, Faris"]
[Result "1-0"]
[WhiteElo "2438"]
[BlackElo "2229"]
[PlyCount "86"]
[EventDate "2024.07.19"]
[EventType "swiss"]
[EventRounds "9"]
[EventCountry "CZE"]
[SourceTitle "CBM 221 Extra"]
[Source "ChessBase"]
[SourceDate "2024.09.30"]
[SourceVersion "1"]
[SourceVersionDate "2024.09.30"]
[SourceQuality "1"]

1. c4 c5 2. g3 Nf6 3. Bg2 g6 4. Nc3 Bg7 5. a3 Nc6 6. Rb1 0-0 7. b4 d6 8. Nf3 cxb4 9. axb4 d5 10. b5 Nb8 11. cxd5 Nxd5 12. Nxd5 Qxd5 13. 0-0 Qa2 14. Qb3 Be6 15. Qxa2 Bxa2 16. Rb4 Nd7 17. Bb2 Bxb2 18. Rxb2 Bd5 19. d3 b6 20. Nd4 Bxg2 21. Kxg2 Rfc8 22. Ra1 Kf8 23. Rba2 Rc7 24. Ra6 Rb7 25. Nc6 Nc5 26. Rxa7 Rbxa7 27. Rxa7 Rxa7 28. Nxa7 Ke8 29. Kf3 Kd7 30. d4 Nb7 31. e4 Nd8 32. Ke3 Kc7 33. d5 Kd6 34. Nc8+ Kc5 35. Nxe7 Kxb5 36. Kd4 Ka4 37. Nc6 Nb7 38. e5 Kb5 39. f4 Nc5 40. Nd8 Nb3+ 41. Kc3 Na5 42. Nxf7 Kc5 43. e6 Kxd5 1-0

[Event "Pardubice Czech op-A 35th"]
[Site "Pardubice"]
[Date "2024.07.24"]
[Round "6"]
[White "Jares, Michal"]
[Black "Neuman, Petr"]
[Result "1/2-1/2"]
[WhiteElo "2283"]
[BlackElo "2438"]
[PlyCount "30"]
[EventDate "2024.07.19"]
[EventType "swiss"]
[EventRounds "9"]
[EventCountry "CZE"]
[SourceTitle "CBM 221 Extra"]
[Source "ChessBase"]
[SourceDate "2024.09.30"]
[SourceVersion "1"]
[SourceVersionDate "2024.09.30"]
[SourceQuality "1"]

1. Nf3 d5 2. g3 g6 3. Bg2 Bg7 4. d4 Nf6 5. 0-0 0-0 6. c4 c6 7. b3 Bf5 8. Nc3 Ne4 9. Bb2 Nxc3 10. Bxc3 Be4 11. e3 Nd7 12. Qe2 e6 13. Rfd1 f5 14. Bf1 Bxf3 15. Qxf3 g5 1/2-1/2

[Event "Pardubice Czech op-A 35th"]
[Site "Pardubice"]
[Date "2024.07.19"]
[Round "1"]
[White "Neuman, Petr"]
[Black "Lihotsky, Lukas"]
[Result "1-0"]
[WhiteElo "2438"]
[BlackElo "2129"]
[PlyCount "66"]
[EventDate "2024.07.19"]
[EventType "swiss"]
[EventRounds "9"]
[EventCountry "CZE"]
[SourceTitle "CBM 221 Extra"]
[Source "ChessBase"]
[SourceDate "2024.09.30"]
[SourceVersion "1"]
[SourceVersionDate "2024.09.30"]
[SourceQuality "1"]

1. e4 c6 2. Nf3 d5 3. d3 dxe4 4. dxe4 Qxd1+ 5. Kxd1 Nf6 6. Nbd2 Nbd7 7. Ne1 a5 8. f3 Nc5 9. a4 e5 10. Nc4 Nfd7 11. Be3 f6 12. c3 Kd8 13. Kc2 Kc7 14. g3 h5 15. Ng2 Ne6 16. f4 Bc5 17. Bd2 g5 18. fxe5 Nxe5 19. Nxe5 fxe5 20. Ne3 h4 21. Be2 Bd7 22. Raf1 Raf8 23. Rxf8 Rxf8 24. Nc4 Rf2 25. Kd1 hxg3 26. hxg3 Rg2 27. Be1 Rg1 28. Rh2 g4 29. Bxg4 Ng5 30. Bxd7 Nf3 31. Rh7 Rxe1+ 32. Kc2 Ng5 33. Rg7 Nxe4 1-0

[Event "Pardubice rapid op 35th"]
[Site "Pardubice"]
[Date "2024.07.18"]
[Round "9"]
[White "Neuman, Petr"]
[Black "Kuegel, Tobias"]
[Result "1/2-1/2"]
[WhiteElo "2438"]
[BlackElo "2416"]
[PlyCount "80"]
[EventDate "2024.07.17"]
[EventType "swiss (rapid)"]
[EventRounds "9"]
[EventCountry "CZE"]
[SourceTitle "CBM 221 Extra"]
[Source "ChessBase"]
[SourceDate "2024.09.30"]
[SourceVersion "1"]
[SourceVersionDate "2024.09.30"]
[SourceQuality "1"]

1. e4 c5 2. Nc3 g6 3. d4 cxd4 4. Qxd4 Nf6 5. Nf3 Nc6 6. Qa4 d6 7. e5 dxe5 8. Nxe5 Bg7 9. Bb5 0-0 10. Nxc6 bxc6 11. Bxc6 Rb8 12. 0-0 Qc7 13. Bf3 a5 14. Nb5 Qe5 15. c4 Ng4 16. Bxg4 Bxg4 17. Qxa5 Be6 18. Re1 Qc5 19. Bf4 Ra8 20. Qc7 Qxc4 21. Qxc4 Bxc4 22. Nc3 Bxc3 23. bxc3 Ra7 24. h3 Bxa2 25. Be3 Raa8 26. Bc5 Rfc8 27. Bxe7 Rxc3 28. Re2 Bd5 29. Rxa8+ Bxa8 30. Bf6 Rc8 31. Rd2 h6 32. Kh2 g5 33. g4 Kh7 34. Rd8 Rxd8 35. Bxd8 Kg6 36. Kg3 f5 37. f4 gxf4+ 38. Kxf4 fxg4 39. hxg4 h5 40. gxh5+ Kxh5 1/2-1/2

[Event "Pardubice rapid op 35th"]
[Site "Pardubice"]
[Date "2024.07.17"]
[Round "1"]
[White "Neuman, Petr"]
[Black "Laith, Kasib"]
[Result "1-0"]
[WhiteElo "2438"]
[BlackElo "2075"]
[PlyCount "74"]
[EventDate "2024.07.17"]
[EventType "swiss (rapid)"]
[EventRounds "9"]
[EventCountry "CZE"]
[SourceTitle "CBM 221 Extra"]
[Source "ChessBase"]
[SourceDate "2024.09.30"]
[SourceVersion "1"]
[SourceVersionDate "2024.09.30"]
[SourceQuality "1"]

1. d4 e6 2. e4 d5 3. Nd2 dxe4 4. Nxe4 Bd7 5. Nf3 Bc6 6. Bd3 Nd7 7. Qe2 Bxe4 8. Bxe4 c6 9. Bd2 Ngf6 10. Bd3 Be7 11. 0-0-0 Qc7 12. Kb1 0-0 13. Ne5 Rad8 14. Bf4 Nd5 15. Bg3 Qb6 16. Ka1 Nb4 17. Bc4 Nf6 18. c3 Nbd5 19. Nd3 Qa5 20. Bb3 b5 21. h4 Rfe8 22. h5 h6 23. f4 Qb6 24. Bf2 a5 25. Bc2 Bd6 26. Qf3 Qc7 27. Ne5 c5 28. g4 cxd4 29. Bxd4 b4 30. c4 Bc5 31. Bxc5 Qxc5 32. Ba4 Nb6 33. Bxe8 Rxe8 34. Qd3 a4 35. Qd4 Qa5 36. g5 Nh7 37. gxh6 a3 1-0

[Event "Pardubice Czech op-E 35th"]
[Site "Pardubice"]
[Date "2024.07.14"]
[Round "7.3"]
[White "Neuman, Petr"]
[Black "Paseka, Matyas"]
[Result "1-0"]
[WhiteElo "2438"]
[BlackElo "2193"]
[PlyCount "41"]
[EventDate "2024.07.11"]
[EventType "team-swiss"]
[EventRounds "7"]
[EventCountry "CZE"]
[SourceTitle "CBM 221 Extra"]
[Source "ChessBase"]
[SourceDate "2024.09.30"]
[SourceVersion "1"]
[SourceVersionDate "2024.09.30"]
[SourceQuality "1"]
[WhiteTeam "Turnov Zikuda"]
[BlackTeam "Beskydy Chess School II"]
[WhiteTeamCountry "CZE"]
[BlackTeamCountry "CZE"]

1. e4 c5 2. Be2 Nc6 3. f4 g6 4. Nf3 Bg7 5. d3 d6 6. 0-0 Nf6 7. Kh1 0-0 8. Qe1 Bd7 9. Qh4 Nd4 10. Nxd4 cxd4 11. Nd2 Rc8 12. Bd1 b5 13. Nf3 Qb6 14. f5 Rfe8 15. Bh6 Bh8 16. Ng5 Red8 17. Rf3 Rc5 18. Rh3 Bxf5 19. exf5 Rxf5 20. Bf3 Qc5 21. g4 1-0